Desarrollo de un manual para las buenas prácticas de manufactura (BPM) : COOPAGRIMAR, R. L.
Gardado en:
| Autor Principal: | |
|---|---|
| Formato: | Libro |
| Publicado: |
San José, C.R
2000
|
| Materias: | |
| Etiquetas: |
Engadir etiqueta
Sen Etiquetas, Sexa o primeiro en etiquetar este rexistro!
|
MARC
| LEADER | 00000nam a2200000Ia 4500 | ||
|---|---|---|---|
| 003 | 008708 | ||
| 005 | 20221231144202.0 | ||
| 008 | 140114s2000 cr a m 000 ||s d | ||
| 040 | |c cru CEDI | ||
| 090 | |a TFG 4298 | ||
| 100 | |a Vallejo Esquivel, Carolina María |9 7819 | ||
| 245 | |a Desarrollo de un manual para las buenas prácticas de manufactura (BPM) : COOPAGRIMAR, R. L. | ||
| 260 | |c 2000 |a San José, C.R | ||
| 300 | |a x, 174, 30) hojas : ilustraciones (algunas ilustraciones) | ||
| 500 | |a Proyecto de graduación (licenciatura en ingeniería agrícola)--Universidad de Costa Rica. Facultad de Ingeniería. Escuela de Ingeniería Agrícola | ||
| 650 | |x CONTROL DE PROCESOS |x RENDIMIENTO INDUSTRIAL |x GESTION INDUSTRIAL |x CONTROL DE CALIDAD |9 7820 | ||
| 942 | |c TFG | ||
| 999 | |c 18140 |d 18140 | ||
